Space Dementia - Muse (all lyrics) - Statistics

General Stats
  • This quiz has been taken 10 times
  • The average score is 57 of 107
Answer Stats
Answer % Correct
I
100%
make
100%
me
100%
me,
100%
on
100%
the
100%
all
83%
And
83%
and
83%
for
83%
gives
83%
in
83%
is
83%
It
83%
one
83%
You
83%
you
83%
coexist
67%
H8
67%
my
67%
need
67%
With
67%
dementia
50%
helps
50%
pain,
50%
Space
50%
want
50%
adore
33%
Because
33%
dirty
33%
eyes
33%
feel
33%
love
33%
sick
33%
so
33%
to
33%
us
33%
will
33%
world
33%
your
33%
again
17%
arise
17%
chill,
17%
cut
17%
die
17%
games
17%
heart
17%
I'd
17%
name
17%
Peace
17%
play
17%
this
17%
tricks
17%
twisted
17%
wanna
17%
apart
0%
destroy
0%
know
0%
meaningless
0%
ooh
0%
tear
0%
We'll
0%
No matching quizzes found
Score Distribution
Percent of People with Each Score
Percentile by Number Answered
Your Score History
You have not taken this quiz